Statistics for Biggest cities in north macedonia

Click here to take the quiz!

General Stats

  • This quiz has been taken 43 times
  • The average score is 8 of 13

Answer Stats

HintAnswer% Correct
98%skopje
100%
95%ohrid
92%
97%bitola
84%
96%kumanovo
84%
93%tetovo
84%
94%prilep
76%
90%stip
62%
89%strumica
49%
91%veles
49%
92%gostivar
46%
87%kavadarci
43%
88%kicevo
30%
86%kocani
24%

Score Distribution

Percentile by Number Answered

Percent of People with Each Score

Your Score History

You have not taken this quiz